000 00215 a2200097 4500
001 48158
100 _aWoodman, D
245 _aThe making of Burma
260 _aLondon
_bThe cresset press
_c
090 _c31127
_d31127
942 _aNUST-CAE
_cM
_c23478
999 _c283231
_d283231